000 00351nam a22001457a 4500
008 210309b ||||| |||| 00| 0 eng d
020 _a9780070416895
041 _aeng
080 _28th
_a330.722.6
082 _a330.722.6
100 _a61
101 _aKF
245 _aAccounting: The Basis for Bussiness Decisions
_cMeigs, R.F
942 _2udc
_cBK
999 _c56077
_d56077